|
|
|
|
| LEADER |
01262nam a2200325 a 4500 |
| 001 |
7887 |
| 003 |
BD-DhAAL |
| 005 |
20150701093746.0 |
| 008 |
150701s1985 bg a b f001 0 eng |
| 010 |
|
|
|a 86902543
|
| 020 |
|
|
|c Tk300.00
|
| 040 |
|
|
|a DLC
|c DLC
|d DLC
|d BD-DhAAL
|
| 050 |
0 |
0 |
|a NB1912.B83
|b S5 1985
|
| 082 |
0 |
0 |
|a 732/.4
|2 19
|
| 100 |
2 |
|
|a Shamsul Alam, A. K. M.
|9 12702
|
| 245 |
1 |
0 |
|a Sculptural art of Bangladesh :
|b pre-Muslim period /
|c A.K.M. Shamsul Alam.
|
| 260 |
|
|
|a Dhaka :
|b Dept. of Archaeology and Museums,
|c 1985.
|
| 300 |
|
|
|a 250 p. :
|b ill. ;
|c 26 cm.
|
| 500 |
|
|
|a Includes index.
|
| 504 |
|
|
|a Bibliography: p. 241-244.
|
| 541 |
|
|
|e 7887
|
| 650 |
|
0 |
|a Sculpture, Bangladesh.
|9 12703
|
| 650 |
|
0 |
|a Buddhist gods, in art.
|9 12704
|
| 650 |
|
0 |
|a Hindu gods in art.
|9 12705
|
| 650 |
|
0 |
|a Buddhist sculpture
|z Bangladesh.
|9 12706
|
| 650 |
|
0 |
|a Hindu sculpture
|z Bangladesh.
|9 12707
|
| 942 |
|
|
|2 ddc
|c BK
|
| 999 |
|
|
|c 34902
|d 34902
|
| 952 |
|
|
|0 0
|1 0
|2 ddc
|4 0
|6 732_400000000000000_SHA
|7 0
|9 54637
|a SCL
|b SCL
|c GEN
|d 2015-07-01
|g 270.00
|l 1
|m 6
|o 732.4 SHA
|p 3020007887
|r 2018-12-07
|s 2018-09-24
|t 1
|w 2015-07-01
|y BK
|
| 952 |
|
|
|0 0
|1 0
|2 ddc
|4 0
|6 732_400000000000000_SHA
|7 0
|9 55002
|a SCL
|b SCL
|c GEN
|d 2015-07-29
|g 270.00
|l 0
|o 732.4 SHA
|p 3020007886
|r 2015-07-29
|t 2
|w 2015-07-29
|y BK
|